Accounting principles for midmanagement

Gespeichert in:
Bibliographische Detailangaben
1. Verfasser: Flesher, Dale L.
Format: Buch
Sprache:Undetermined
Veröffentlicht: Canada Demar 1980
Schlagworte:
Tags: Tag hinzufügen
Keine Tags, Fügen Sie den ersten Tag hinzu!
Thư viện lưu trữ: Trung tâm Học liệu Trường Đại học Cần Thơ
LEADER 00495nam a2200181Ia 4500
001 CTU_68744
008 210402s9999 xx 000 0 und d
082 |a 657.42 
082 |b F611 
100 |a Flesher, Dale L. 
245 0 |a Accounting principles for midmanagement 
245 0 |c Dale L. Flesher and Tonya K. Flesher 
260 |a Canada 
260 |b Demar 
260 |c 1980 
650 |a Managerial accounting 
904 |i Minh 
980 |a Trung tâm Học liệu Trường Đại học Cần Thơ